000 00960naa a22002777a 4500
001 BR6005465
003 BR-BrBNA
005 20240918172912.0
007 ta
008 230509b bl.||||| |||| 00| 0 por d
040 _aBR-BrBNA
_bpor
_cBiblioteca Nacional de Agricultura
041 _a(Pt)
072 _aL30
_b0120
_b5300
090 _aL30 BR6005465
100 1 _aNunes, R.
111 1 _a8. Reuniao Brasileira de Milho
_cPorto Alegre, RS (Brazil)
_d27 Jul 1970
245 1 _aEfeito do milho "opaco-2" comparado com o milho comum em racoes para suinos [Zea mays]
260 3 _aPorto Alegre, RS (Brasil):
_c1970.
500 _a8. Reuniao Brasileira de Milho Porto Alegre, RS (Brasil): 1970. p. 92-97 (BR6005465-AM)L30
650 _aMILHO
650 _aSUINO
650 _aRACAO
773 0 _t8. Reuniao Brasileira de Milho
_wL30 BR6005465
_gPorto Alegre, RS (Brasil), 1970. p. 92-97
909 _a202404
_bLucia
_c55
_dLucia Elande
942 _cAM
_2AGRIS
999 _c301987
_d301987